LEADER 03545oam 2200709I 450 001 9910462621703321 005 20210830194333.0 010 $a0-429-13389-8 010 $a1-4665-8868-3 010 $a1-4200-9964-7 024 7 $a10.1201/b13713 035 $a(CKB)2670000000327027 035 $a(EBL)1112600 035 $a(OCoLC)824733583 035 $a(SSID)ssj0000819591 035 $a(PQKBManifestationID)11482106 035 $a(PQKBTitleCode)TC0000819591 035 $a(PQKBWorkID)10844885 035 $a(PQKB)10246331 035 $a(MiAaPQ)EBC1112600 035 $a(CaSebORM)9781420099645 035 $a(Au-PeEL)EBL1112600 035 $a(CaPaEBR)ebr10645159 035 $a(CaONFJC)MIL693191 035 $a(EXLCZ)992670000000327027 100 $a20180331d2013 uy 0 101 0 $aeng 135 $aur|n|---||||| 181 $ctxt 182 $cc 183 $acr 200 14$aThe complete guide to physical security /$fPaul R. Baker, Daniel J. Benny 205 $a1st edition 210 1$aBoca Raton :$cCRC Press,$d2013. 215 $a1 online resource (349 p.) 300 $aDescription based upon print version of record. 311 $a1-322-61909-3 311 $a1-4200-9963-9 320 $aIncludes bibliographical references and index. 327 $aFront Cover; Contents; Preface; The Authors; The Contributors; Chapter 1 - Physical Security Planning; Chapter 2 - Vulnerability Assessments; Chapter 3 - Security Design and Planning; Chapter 4 - Security Construction Projects; Chapter 5 - Protection in Depth; Chapter 6 - Perimeter Protection; Chapter 7 - Access Control; Chapter 8 - Physical Protection Systems; Chapter 9 - CCTV and IP Video; Chapter 10 - Keys, Locks, and Safes; Chapter 11 - Biometrics; Chapter 12 - Security Guard Force; Chapter 13 - Central Station Design; Chapter 14 - Government Security 327 $aChapter 15 - Financial Institutions and BanksChapter 16 - Data Center Protection; Chapter 17 - Total System Cost; Chapter 18 - Security Master Plan; Chapter 19 - Security Foresight; Chapter 20 - Security Leadership; Back Cover 330 $aThe Complete Guide to Physical Security gives readers a comprehensive understanding of modern-day physical security best practices. Employing both theory-based and real-world approaches, it examines general business principles as they relate to security. The book goes beyond the concepts of the three G's (guns, gates and guards) and instead explains the importance of physical security to accomplish the overall mission of the organization. The book enables security managers to develop a program that utilizes all security personnel's talents, emphasizing that the security team must work synergistically with all facets of the organization for the ultimate in protection and success--$cProvided by publisher. 606 $aBusiness enterprises$xSecurity measures 606 $aSecurity systems 606 $aComputer security 606 $aPrivate security services 608 $aElectronic books. 615 0$aBusiness enterprises$xSecurity measures. 615 0$aSecurity systems. 615 0$aComputer security. 615 0$aPrivate security services. 676 $a658.4/7 676 $a658.47 700 $aBaker$b Paul R.$f1958-$01031659 701 $aBenny$b Daniel J$0870968 801 0$bMiAaPQ 801 1$bMiAaPQ 801 2$bMiAaPQ 906 $aBOOK 912 $a9910462621703321 996 $aThe complete guide to physical security$92449130 997 $aUNINA LEADER 02104nas 2200673-a 450 001 996204887303316 005 20230605165946.0 011 $a1467-842X 035 $a(OCoLC)50066032 035 $a(CKB)963017795232 035 $a(CONSER)--2002238659 035 $a(EXLCZ)99963017795232 100 $a20020626a19989999 s-- - 101 0 $aeng 135 $aurcn||||||||| 181 $ctxt$2rdacontent 182 $cc$2rdamedia 183 $acr$2rdacarrier 200 10$aAustralian & New Zealand journal of statistics 210 $a[Oxford] $cBlackwell Publishers 300 $aTitle from introductory page, viewed June 26, 2002. 300 $aAs of viewing (June 26, 2002)--some issues in coverage range not yet online. 300 $aRefereed/Peer-reviewed 311 $a1369-1473 517 3 $aAustralian and New Zealand journal of statistics 517 1 $aAustral. & New Zealand j. statist. 531 $aAUSTRALIAN AND NEW ZEALAND JOURNAL OF STATISTICS 531 $aAUST NZ J STAT 531 $aAUST. N. Z. J. STAT 531 $aAUST N Z J STAT 606 $aStatistics$vPeriodicals 606 $aStatistics as Topic 606 $aSocieties, Scientific 606 $aStatistique$vPériodiques 606 $aStatistics$2fast$3(OCoLC)fst01132103 606 $aStatistik$2gnd 606 $aZeitschrift$2gnd 606 $aStatistiek$2gtt 606 $aStatistik$2swd 606 $aZeitschrift$2swd 608 $aPeriodical. 608 $aPeriodicals.$2fast 610 $aComputing, mathematics and information systems 615 0$aStatistics 615 2$aStatistics as Topic. 615 2$aSocieties, Scientific. 615 6$aStatistique 615 7$aStatistics. 615 7$aStatistik. 615 7$aZeitschrift. 615 17$aStatistiek. 615 07$aStatistik. 615 07$aZeitschrift. 712 02$aStatistical Society of Australia. 712 02$aNew Zealand Statistical Association. 906 $aJOURNAL 912 $a996204887303316 996 $aAustralian & New Zealand journal of statistics$9884374 997 $aUNISA